| 000 | 00745cam a2200241 a 4500 | ||
|---|---|---|---|
| 001 | 883626 | ||
| 003 | GBCCL | ||
| 005 | 20241126110412.0 | ||
| 008 | 811203s1981 txu b 001 0 eng | ||
| 010 | _a 80051485 | ||
| 020 |
_a0849901952 : _c$8.95 |
||
| 040 |
_aDLC _cDLC _dDLC |
||
| 050 | 0 | 0 |
_aBT732.7 _b.G7 |
| 082 | 0 | 0 |
_a248.86 _219 _bGRA |
| 100 | 1 |
_aGraham, Billy, _d1918- _9449 |
|
| 245 | 1 | 0 |
_aTill Armageddon : _ba perspective on suffering / _cBilly Graham. |
| 260 |
_aWaco, Tex. : _bWord Books, _cc1981. |
||
| 300 |
_a224 p. ; _c24 cm. |
||
| 504 | _aIncludes bibliographical references and index. | ||
| 650 | 0 |
_aSuffering _xReligious aspects _xChristianity. _9472 |
|
| 906 |
_a7 _bcbc _corignew _d2 _eocip _f19 _gy-gencatlg |
||
| 942 |
_2ddc _cBK _01 |
||
| 999 |
_c1913 _d1913 |
||